000 00692nam a2200289Ia 4500
005 20260324142536.0
008 008 260324s9999 xx 000 0 eng d
020 _a9780203773208
037 _aEBOOK
040 _aCRL
040 _beng
040 _cCRL
041 _2eng
041 _aeng
084 _qCRL
100 _aYonata Levy
_91212331
245 0 _aOther Children, Other Languages
245 0 _bIssues in the theory of Language Acquisition
260 _bTaylor and Francis
260 _c1994
365 _a
365 _b230
856 _uhttp://www.taylorfrancis.com/books/9780203773208
942 _cEBOOK
999 _c1816645
_d1816645